| 000 | 00739nam a2200205Ia 4500 | ||
|---|---|---|---|
| 003 | GCL | ||
| 008 | 140319s9999 xx 000 0 ara d | ||
| 040 |
_aGCL / _cGCL |
||
| 082 | 0 | 4 |
_a658.401 _bع ط |
| 100 | 1 | _aعبدالفتاح ابراهيم ذكى | |
| 245 | 1 | 0 |
_aطريقك الى الفعالية الادارية: التخطيط والرقابة اساس نجاح الادارة / _cعبدالفتاح ابراهيم ذكى |
| 700 | 1 | _aعبدالفتاح دياب حسين | |
| 300 | _a138 ص | ||
| 490 |
_aسلسلة مطبوعات المجموعة الاستشارية العربي _v0 |
||
| 650 | 0 | 4 | _aالادارة |
| 650 | 0 | 4 | _aالتخطيط |
| 650 | 0 | 4 | _aالرقابة |
| 650 | 0 | 4 | _aالتوجية |
| 942 |
_2ddc _cBK |
||
| 999 |
_c49477 _d49477 |
||